000 00655nam a2200217Ia 4500
003 GCL
008 140319s9999 xx 000 0 ara d
040 _aGCL /
_cGCL
082 0 4 _a641.7
_bرط
100 1 _aوفاء حمود
245 1 0 _aطيب جدا: المطبخ العربى والمقبلات اللبنانية /
_cوفاء حمود
700 1 _aندرة قبيعة
700 1 _aراتب احمد قبيعة
260 _a[S.N] :
_bدار الراتب الجامعية ،
_c1994
300 _a270 ص
490 _a
650 0 4 _aالاقتصاد المنزلى
650 0 4 _aالتغذية
650 0 4 _aالطهى
942 _2ddc
_cBK
999 _c55407
_d55407